Statistics for Biggest Box Office in South Korea

Click here to take the quiz!

General Stats

  • This quiz has been taken 27 times
  • The average score is 2 of 15

Answer Stats

HintAnswer% Correct
TTrain to Busan
77%
a TA Taxi Driver
19%
AAssassination
12%
EExtreme Job
12%
MMasquerade
8%
MMiracle in Cell No. 7
8%
t AThe Admiral Roaring Currents
8%
t TThe Thieves
8%
VVeteran
8%
AAlong with the Gods: The Last 49 Days
4%
AAlong With the Gods: The Two Worlds
4%
KKing and the Clown
4%
OOde to My Father
4%
TTaegukgi
4%
t AThe Attorney
4%

Score Distribution

Percentile by Number Answered

Percent of People with Each Score

Your Score History

You have not taken this quiz